00718nam a2200253Ia 4500003000900000008004100009040001300050040001300063041000800076100002200084245002900106250002200135260002100157260000900178300001100187300000900198300001000207490001500217490000600232700002000238942000700258999001700265952018200282IT-RoPAU120407s9999 xx 000 0 und d aIT-RoPAU cIT-RoPAU aita aGianfranco Ravasi aPellegrini in Terrasanta aCinisello Balsamo aEdizioni Paoline c1987 a238 p. bill. c21 cm aPellegrini v1 aLuigi Santucci cBK c29887d29887 00102ddc406910_24100000000000071aPAULUSbPAULUSd2012-04-11l0o910.241r2012-04-11 00:00:00w2012-04-11yBKzInserito da: In data: n.d. fondo: Via A.Severo 56 Progr:28685